Исследование систем управления: учебное пособие

Detalhes bibliográficos
Autor principal: Игнатьева А. В. Алина Всеволодовна
Outros Autores: Максимцов М. М. Михаил Михайлович
Resumo:В учебном пособии раскрывается роль системного анализа в исследовании систем управления организаций, дается классификация методов исследования, рассматриваются научные подходы к анализу и проектированию целей и функций управления, а также к исследованию и проектированию структур управления и управленческих решений. Второе издание дополнено материалами по использованию комплексированных методов исследования, социологических исследований, социально-экономического экспериментирования, диагностики систем управления. Для студентов, аспирантов и преподавателей высших учебных заведений, а также для руководителей и менеджеров организаций.
Idioma:russo
Publicado em: Москва, ЮНИТИ, 2009
Edição:2-е изд., перераб. и доп.
Colecção:Менеджмент
Assuntos:
Formato: MixedMaterials Livro
KOHA link:https://koha.lib.tpu.ru/cgi-bin/koha/opac-detail.pl?biblionumber=149670

MARC

LEADER 00000nam0a2200000 4500
001 149670
005 20231101221435.0
010 |a 9785238013442 
035 |a (RuTPU)RU\TPU\book\162267 
090 |a 149670 
100 |a 20081219d2009 m y0rusy50 ca 
101 0 |a rus 
102 |a RU 
105 |a a j 001zy 
200 1 |a Исследование систем управления  |e учебное пособие  |f А. В. Игнатьева, М. М. Максимцов 
205 |a 2-е изд., перераб. и доп. 
210 |a Москва  |c ЮНИТИ  |d 2009 
215 |a 167 с.  |c ил. 
225 1 |a Менеджмент 
320 |a Библиогр.: с. 165-166. 
330 |a В учебном пособии раскрывается роль системного анализа в исследовании систем управления организаций, дается классификация методов исследования, рассматриваются научные подходы к анализу и проектированию целей и функций управления, а также к исследованию и проектированию структур управления и управленческих решений. Второе издание дополнено материалами по использованию комплексированных методов исследования, социологических исследований, социально-экономического экспериментирования, диагностики систем управления. Для студентов, аспирантов и преподавателей высших учебных заведений, а также для руководителей и менеджеров организаций. 
606 1 |a Менеджмент  |2 stltpush  |3 (RuTPU)RU\TPU\subj\42098  |9 61850 
610 1 |a экономика 
610 1 |a управление 
610 1 |a системный анализ 
610 1 |a системные исследования 
610 1 |a методология 
610 1 |a диагностика 
610 1 |a учебные пособия 
686 |a У9(2)212я73  |v LBC/SL-A  |2 rubbk 
700 1 |a Игнатьева  |b А. В.  |g Алина Всеволодовна 
701 1 |a Максимцов  |b М. М.  |g Михаил Михайлович 
801 1 |a RU  |b 63413507  |c 20081219  |g PSBO 
801 2 |a RU  |b 63413507  |c 20121009  |g PSBO 
900 |a Исследование систем управления 
900 |a Исследование систем управления и теория организации 
942 |c BK 
952 |b 080504  |b 080500 
959 |a 117/20081215  |d 1  |e 0  |f ЧЗГЛ:1